Sports Quiz

Random Sports or NBA Quiz

2000's All-NBA Quiz Stats

 Plays Quiz not verified by Sporcle

Challenge
Share
Tweet
Embed
Score 0/165 Timer 12:00
0 Plays Today
Year Player % Correct
1999-2000 First TeamTim Duncan
99.6%
2000-2001 First TeamTim Duncan
99.6%
2001-2002 First TeamTim Duncan
99.6%
2002-2003 First TeamTim Duncan
99.6%
2003-2004 First TeamTim Duncan
99.6%
2004-2005 First TeamTim Duncan
99.6%
2005-2006 Second TeamTim Duncan
99.6%
2006-2007 First TeamTim Duncan
99.6%
2007-2008 Second TeamTim Duncan
99.6%
2008-2009 Second TeamTim Duncan
99.6%
2009-2010 Third TeamTim Duncan
99.6%
1999-2000 Second TeamKobe Bryant
99.5%
2000-2001 Second TeamKobe Bryant
99.5%
2001-2002 First TeamKobe Bryant
99.5%
2002-2003 First TeamKobe Bryant
99.5%
2003-2004 First TeamKobe Bryant
99.5%
2004-2005 Third TeamKobe Bryant
99.5%
2005-2006 First TeamKobe Bryant
99.5%
2006-2007 First TeamKobe Bryant
99.5%
2007-2008 First TeamKobe Bryant
99.5%
2009-2010 First TeamKobe Bryant
99.5%
2008-2009 First TeamKobe Bryant
99.5%
1999-2000 First TeamShaquille O'Neal
99.3%
2000-2001 First TeamShaquille O'Neal
99.3%
2001-2002 First TeamShaquille O'Neal
99.3%
2002-2003 First TeamShaquille O'Neal
99.3%
2003-2004 First TeamShaquille O'Neal
99.3%
2004-2005 First TeamShaquille O'Neal
99.3%
2005-2006 First TeamShaquille O'Neal
99.3%
2008-2009 Third TeamShaquille O'Neal
99.3%
2001-2002 Third TeamJermaine O'Neal
99.3%
2002-2003 Third TeamJermaine O'Neal
99.3%
2003-2004 Second TeamJermaine O'Neal
99.3%
1999-2000 First TeamKevin Garnett
99.2%
2000-2001 Second TeamKevin Garnett
99.2%
2001-2002 Second TeamKevin Garnett
99.2%
2002-2003 First TeamKevin Garnett
99.2%
2003-2004 First TeamKevin Garnett
99.2%
2004-2005 Second TeamKevin Garnett
99.2%
2006-2007 Third TeamKevin Garnett
99.2%
2007-2008 First TeamKevin Garnett
99.2%
2001-2002 Third TeamSteve Nash
98.9%
2002-2003 Third TeamSteve Nash
98.9%
2004-2005 First TeamSteve Nash
98.9%
2005-2006 First TeamSteve Nash
98.9%
2006-2007 First TeamSteve Nash
98.9%
2007-2008 Second TeamSteve Nash
98.9%
2009-2010 Second TeamSteve Nash
98.9%
1999-2000 Second TeamAllen Iverson
98.8%
2000-2001 First TeamAllen Iverson
98.8%
2001-2002 Second TeamAllen Iverson
98.8%
2002-2003 Second TeamAllen Iverson
98.8%
2004-2005 First TeamAllen Iverson
98.8%
2005-2006 Third TeamAllen Iverson
98.8%
2004-2005 Second TeamLeBron James
98.8%
Year Player % Correct
2005-2006 First TeamLeBron James
98.8%
2006-2007 Second TeamLeBron James
98.8%
2007-2008 First TeamLeBron James
98.8%
2008-2009 First TeamLeBron James
98.8%
2009-2010 First TeamLeBron James
98.8%
2004-2005 Second TeamDwyane Wade
98.6%
2005-2006 Second TeamDwyane Wade
98.6%
2006-2007 Third TeamDwyane Wade
98.6%
2009-2010 First TeamDwyane Wade
98.6%
2008-2009 First TeamDwyane Wade
98.6%
2000-2001 Third TeamDirk Nowitzki
98.3%
2001-2002 Second TeamDirk Nowitzki
98.3%
2002-2003 Second TeamDirk Nowitzki
98.3%
2003-2004 Third TeamDirk Nowitzki
98.3%
2004-2005 First TeamDirk Nowitzki
98.3%
2005-2006 First TeamDirk Nowitzki
98.3%
2006-2007 First TeamDirk Nowitzki
98.3%
2007-2008 Second TeamDirk Nowitzki
98.3%
2008-2009 First TeamDirk Nowitzki
98.3%
2009-2010 Second TeamDirk Nowitzki
98.3%
2006-2007 Third TeamDwight Howard
97.5%
2007-2008 First TeamDwight Howard
97.5%
2008-2009 First TeamDwight Howard
97.5%
2009-2010 First TeamDwight Howard
97.5%
2001-2002 Third TeamPaul Pierce
97.1%
2002-2003 Third TeamPaul Pierce
97.1%
2007-2008 Third TeamPaul Pierce
97.1%
2008-2009 Second TeamPaul Pierce
97.1%
1999-2000 First TeamJason Kidd
97%
2000-2001 First TeamJason Kidd
97%
2001-2002 First TeamJason Kidd
97%
2002-2003 Second TeamJason Kidd
97%
2003-2004 First TeamJason Kidd
97%
2000-2001 Second TeamTracy McGrady
96.8%
2001-2002 First TeamTracy McGrady
96.8%
2002-2003 First TeamTracy McGrady
96.8%
2003-2004 Second TeamTracy McGrady
96.8%
2004-2005 Third TeamTracy McGrady
96.8%
2006-2007 Second TeamTracy McGrady
96.8%
2007-2008 First TeamChris Paul
96.8%
2007-2008 Third TeamTracy McGrady
96.8%
2008-2009 Second TeamChris Paul
96.8%
1999-2000 Third TeamVince Carter
96.1%
2000-2001 Second TeamVince Carter
96.1%
2004-2005 Second TeamAmare Stoudemire
96.1%
2006-2007 First TeamAmare Stoudemire
96.1%
2007-2008 Second TeamAmare Stoudemire
96.1%
2009-2010 Second TeamAmare Stoudemire
96.1%
2001-2002 Third TeamBen Wallace
96.1%
2002-2003 Second TeamBen Wallace
96.1%
2003-2004 Second TeamBen Wallace
96.1%
2004-2005 Third TeamBen Wallace
96.1%
2005-2006 Second TeamBen Wallace
96.1%
2000-2001 Third TeamRay Allen
95.8%
2004-2005 Second TeamRay Allen
95.8%
Year Player % Correct
2005-2006 Third TeamCarmelo Anthony
95.6%
2006-2007 Third TeamCarmelo Anthony
95.6%
2009-2010 Second TeamCarmelo Anthony
95.6%
2008-2009 Third TeamCarmelo Anthony
95.6%
2009-2010 First TeamKevin Durant
95.5%
1999-2000 Second TeamKarl Malone
95.1%
2000-2001 Third TeamKarl Malone
95.1%
2008-2009 Third TeamTony Parker
95%
2005-2006 Second TeamChauncey Billups
94.5%
2006-2007 Third TeamChauncey Billups
94.5%
2008-2009 Third TeamChauncey Billups
94.5%
2003-2004 Third TeamYao Ming
94.2%
2005-2006 Third TeamYao MIng
94.2%
2006-2007 Second TeamYao Ming
94.2%
2007-2008 Third TeamYao Ming
94.2%
2008-2009 Second TeamYao Ming
94.2%
2007-2008 Second TeamDeron Williams
92.7%
2009-2010 Second TeamDeron Williams
92.7%
2008-2009 Third TeamPau Gasol
92.4%
2009-2010 Third TeamPau Gasol
92.4%
1999-2000 Third TeamDavid Robinson
92.4%
2000-2001 Third TeamDavid Robinson
92.4%
1999-2000 Third TeamChris Webber
92.1%
2000-2001 First TeamChris Webber
92.1%
2001-2002 Second TeamChris Webber
92.1%
2002-2003 Second TeamChris Webber
92.1%
2009-2010 Third TeamJoe Johnson
91.9%
2006-2007 Second TeamChris Bosh
91.9%
2004-2005 Third TeamGilbert Arenas
91.4%
2005-2006 Third TeamGilbert Arenas
91.4%
2006-2007 Second TeamGilbert Arenas
91.4%
1999-2000 First TeamGary Payton
91.4%
2000-2001 Third TeamGary Payton
91.4%
2001-2002 Second TeamGary Payton
91.4%
2007-2008 Third TeamManu Ginobili
91.1%
2008-2009 Second TeamBrandon Roy
88.5%
2009-2010 Third TeamBrandon Roy
88.5%
1999-2000 Second TeamAlonzo Mourning
84.7%
2004-2005 Third TeamShawn Marion
81.8%
2005-2006 Third TeamShawn Marion
81.8%
2003-2004 Third TeamMichael Redd
81.6%
2007-2008 Third TeamCarlos Boozer
81.4%
2005-2006 Second TeamElton Brand
80.2%
1999-2000 Second TeamGrant Hill
76.1%
2003-2004 Second TeamPeja Stojakovic
74.9%
2009-2010 Third TeamAndrew Bogut
71.9%
2000-2001 Second TeamDikembe Mutombo
69.6%
2001-2002 Third TeamDikembe Mutombo
69.6%
2003-2004 Third TeamBaron Davis
67.8%
1999-2000 Third TeamStephon Marbury
64.6%
2002-2003 Third TeamStephon Marbury
64.6%
2003-2004 Second TeamSam Cassell
62%
2003-2004 Third TeamRon Artest
61%
2002-2003 Third TeamJamal Mashburn
44.5%
1999-2000 Third TeamEddie Jones
35.3%

You're not logged in!

Compare scores with friends on all Sporcle quizzes.
Join for Free
OR
Log In

You Might Also Like...

Show Comments

Extras

Top Quizzes Today


Score Distribution

Your Account Isn't Verified!

In order to create a playlist on Sporcle, you need to verify the email address you used during registration. Go to your Sporcle Settings to finish the process.

Report this User

Report this user for behavior that violates our Community Guidelines.

Details: